000 00929nam a2200325Ia 4500
001 18347
003 IT-RoPAU
008 130308s9999 xx 000 0 und d
040 _aIT-RoPAU
040 _cIT-RoPAU
041 _aFRANCESE
100 _aMarandin Jean-Marie
100 _gCodice Aut. SPICS: 11810
245 _aAnalyse de discours et linguistique generale
245 _bAnalyse de Discours et linguistique Generale
250 _a1a ed.
260 _aPARIS
260 _bLarousse
260 _c1979 [1° Ed.:1979 - Ed.Ling.Originale:1979]
300 _a"124 p. (prefazione: no ; testo: 124)"
500 _aAnalisi del Discorso e Linguistica Generale tre Studi
650 _aLINGUISTICA
650 _eCodice materia Spics: 3201
700 _aLecerf YvesSumpf Joseph
700 _gCodice Aut. SPICS: 11812Codice Aut. SPICS: 12968
942 _cBK
957 _71
999 _c65483
_d65483
999 _bSI
999 _g1